| 000 | 00691nam a2200265Ia 4500 | ||
|---|---|---|---|
| 003 | OSt | ||
| 005 | 20220924122458.0 | ||
| 006 | a|||||r|||| 00| 0 | ||
| 007 | ta | ||
| 008 | 220923b |||||||| |||| 00| 0 fre d | ||
| 020 | _a071560970X | ||
| 024 | _a36236 | ||
| 037 | _cTextual | ||
| 040 |
_aARTS _cARTS _bfre |
||
| 041 |
_2fre _afre |
||
| 082 | _aO122,2I83:g, 111L7 | ||
| 100 |
_aScreech M A _920260 |
||
| 245 | 0 | _aRabelais | |
| 260 |
_aLondon _bGerald Duckworth UK _c1979 |
||
| 300 |
_axviii,494p. _ccm. |
||
| 500 | _aBib 478-81p | ||
| 650 | _aENGLISH LITERATURE | ||
| 942 |
_hO122,2I83:g, 111L7 _cTEXL _2CC |
||
| 999 |
_c411782 _d411782 |
||